Statistics for Countries that Start with D - Map Quiz

Click here to take the quiz!

General Stats

  • This quiz has been taken 373 times
  • The average score is 5 of 5

Answers on the Map

Answers color-coded by a green-red scale on the quiz's map according to % correct below.
 

Answer Stats

Answer% Correct
Denmark
97%
Djibouti
95%
Dominica
95%
D.R. Congo
93%
Dominican
Republic
89%

Score Distribution

Percentile by Number Answered

Percent of People with Each Score

Your Score History

You have not taken this quiz